Semiconductor devices and circuits / (Record no. 182208)
[ view plain ]
| 000 -LEADER | |
|---|---|
| fixed length control field | 00989 a2200169 4500 |
| 003 - CONTROL NUMBER IDENTIFIER | |
| control field | Nust |
| 005 - DATE AND TIME OF LATEST TRANSACTION | |
| control field | 20221124165930.0 |
| 040 ## - CATALOGING SOURCE | |
| Transcribing agency | Nust |
| 082 ## - DEWEY DECIMAL CLASSIFICATION NUMBER | |
| Classification number | 621.38152,ALL |
| 100 ## - MAIN ENTRY--PERSONAL NAME | |
| Personal name | Charles L. Alley |
| 9 (RLIN) | 103533 |
| 245 ## - TITLE STATEMENT | |
| Title | Semiconductor devices and circuits / |
| Statement of responsibility, etc. | Charles L. Alley |
| 260 ## - PUBLICATION, DISTRIBUTION, ETC. | |
| Place of publication, distribution, etc. | London |
| Name of publisher, distributor, etc. | John Wiley and sons |
| Date of publication, distribution, etc. | 1971. |
| 300 ## - PHYSICAL DESCRIPTION | |
| Extent | 490p |
| 505 ## - FORMATTED CONTENTS NOTE | |
| Formatted contents note | Introductions (Page-1), Semiconductors (Page-10), Junction Diodes (Page-28), Junction Transistors (Page-66), Common –Emitter Amplifiers (Page-90), Devices with High Input Impedance (Page-120), Recouped amplifiers (Page-149), Transformers Coupled Amplifiers (Page-191), Small Signal Tuned Amplifiers (Page-207), Direct Coupled Amplifiers (Page-243), Multistage Amplifiers (Page-256), Negative Feedback (Page-286), Integrated Circuits (Page-351), Power Supplies (Page-384), Pulse and Digital Circuits (Page-420), Semiconductors Devices Characteristics (Page-471). |
| 650 ## - SUBJECT ADDED ENTRY--TOPICAL TERM | |
| Topical term or geographic name entry element | Telecommunication Engineering |
| 942 ## - ADDED ENTRY ELEMENTS (KOHA) | |
| Source of classification or shelving scheme | |
| Koha item type | Book |
| Withdrawn status | Lost status | Source of classification or shelving scheme | Damaged status | Not for loan | Permanent Location | Current Location | Shelving location | Date acquired | Full call number | Barcode | Date last seen | Price effective from | Koha item type | Public note |
|---|---|---|---|---|---|---|---|---|---|---|---|---|---|---|
| Military College of Signals (MCS) | Military College of Signals (MCS) | General Stacks | 12/12/2016 | 621.38152,ALL | MCS5896 | 12/08/2016 | 12/12/2016 | Book | Almirah No.32, Shelf No.4 |
